Keywords (Registro nro. 321356)
[ vista simple ]
| 000 -ENCABEZADO | |
|---|---|
| Número de control [NR] | 00877nam a2200229 4500 |
| 005 - FECHA Y HORA DE LA ÚLTIMA TRANSACCIÓN | |
| control field | 20220623082638.0 |
| 008 - DE LONGITUD FIJA DE DATOS DE ELEMENTOS - INFORMACIÓN GENERAL | |
| Elementos de longitud fija [NR] | 220623s2015 enk |||gr|||| 00| 0 eng d |
| 020 ## - NUMERO INTERNACIONAL NORMALIZADO PARA LIBROS [R] | |
| Número Internacional Normalizado del libro [NR] | 9780199393213 |
| 040 ## - FUENTE DE CATALOGACION [NR] | |
| Agencia de catalogación original [NR] | CO-BoUCM |
| Idioma de catalogación [NR] | spa |
| Quien Cataloga | Deissy Garcia |
| Quien Clasifica | Deissy Garcia |
| 041 0# - CODIGO DE IDIOMA [R] | |
| Código de idioma para texto/pista de sonido o título separado [R] | Inglés |
| 100 ## - ASIENTO PRINCIPAL--NOMBRE PERSONAL [NR] | |
| ID Autoridad | 124421 |
| Nombre personal [NR] | Williams, Raymond |
| Fechas asociadas con el nombre [NR] | 1921-1988 |
| 245 10 - MENCION DE TITULO [NR] | |
| Título [NR] | Keywords |
| Parte restante del título [NR] | a vocabulary of culture and society |
| Mención de responsabilidad, etc. [NR] | Raymond Williams |
| 260 ## - PUBLICACION, DISTRIBUCION, ETC. (PIE DE IMPRENTA) [R] | |
| Lugar de publicación, distribución, etc. [R] | Oxford |
| -- | Nueva York |
| Nombre del editor, distribuidor, etc. [R] | Oxford University Press |
| Fecha de publicación, distribución, etc. [R] | 2015 |
| 300 ## - DESCRIPCION FISICA [R] | |
| Extensión [R] | xxxix, 270 páginas |
| 500 ## - NOTA GENERAL [R] | |
| Nota general [NR] | Bibliografía Básica - Facultad de Creación - Pregrado en Artes |
| 504 ## - NOTA DE BIBLIOGRAFIA, ETC. [R] | |
| Nota de bibliografía, etc. [NR] | Incluye referencias bibliográficas e índices |
| 650 #7 - ASIENTO SECUNDARIO DE MATERIA - TERMINO TEMATICO [R] | |
| 9 (RLIN) | 7745 |
| Término temático o nombre geográfico como elemento de entrada [NR] | Inglés |
| Subdivisión general [R] | Etimología |
| 650 #7 - ASIENTO SECUNDARIO DE MATERIA - TERMINO TEMATICO [R] | |
| Término temático o nombre geográfico como elemento de entrada [NR] | Inglés |
| Subdivisión de forma [R] | Glosarios, vocabularios, etc. |
| 9 (RLIN) | 175031 |
| 650 #7 - ASIENTO SECUNDARIO DE MATERIA - TERMINO TEMATICO [R] | |
| 9 (RLIN) | 24765 |
| Término temático o nombre geográfico como elemento de entrada [NR] | Sociolingüística |
| 942 ## - ELEMENTOS DE ENTRADA AGREGADOS (KOHA) | |
| Sistema de clasificación | DEWEY |
| Tipo de ítem principal el descrito en 300a | Libro |
| Tema principal | Lingüística |
| Edición | 1 |
| Clasificación | 423.1 |
| Parte restante de la signatura top. | W721k |
| Título oculto en OPAC | No |
| Signatura topográfica | Código de barras | Última vez visto | Ejemplar | Costo de reposición | Price effective from | Tipo de ítem | Perdido | Sistema de clasificación | Dañado | No prestable | Tipo de ítem específico | Suprimido | Ubicación habitual | Ubicación actual | Localización | Fecha de creación | Forma de adquisición | Costo |
|---|---|---|---|---|---|---|---|---|---|---|---|---|---|---|---|---|---|---|
| 423.1 W721k | 100170397 | 16/01/2025 | Ej.1 | 116760.00 | 23/06/2022 | Libro | DEWEY | Libro | Procesos Técnicos | Procesos Técnicos (no para préstamo) | 2do piso | 23/06/2022 | Compra | 116760.00 |